En memoria de Doña Cecilia víctima de la violencia de género

محفوظ في:
التفاصيل البيبلوغرافية
التنسيق: نص
الوسوم: إضافة وسم
لا توجد وسوم, كن أول من يضع وسما على هذه التسجيلة!

MARC

LEADER 00000 a a2200000 04500
001 45408
003
040
245 |a En memoria de Doña Cecilia víctima de la violencia de género 
773 |g volumen26, número309 ( , 2007), páginas 20-25  
999 |c 31257  |d 31257